Valtioiden muotoja maailmankartalla #1 - Statistics

Yleistilastot
  • Tätä visaa on pelattu 1 692 kertaa
  • Keskiarvotulos 18 / 20
Vastaukset kartalla
Vastauksille on annettu kartalla punavihreä väri sen mukaan, kuinka moni on saanut sen oikein.
 
Vastaustilastot
Valtio % Oikein
Puola
99%
Ruotsi
99%
Meksiko
98%
Mongolia
97%
Romania
96%
Sveitsi
96%
Uusi-Seelanti
94%
Thaimaa
92%
Kuuba
90%
Uruguay
90%
Paraguay
89%
Venezuela
89%
Oman
88%
Papua-Uusi-Guinea
88%
Afganistan
84%
Etiopia
83%
Tšad
79%
Angola
76%
Mauritania
75%
Azerbaidžan
74%
Ehtoja vastaavia visoja ei löytynyt
Tulosjakauma
Jokaisen tuloksen saaneiden osuus
Persentiili vastausten määrän mukaan
Tuloshistoriasi
Et ole pelannut tätä visaa